[Event "Warsaw Maciei Memorial"]
[Site "Warsaw"]
[Date "2023.07.10"]
[Round "2"]
[White "Dworakowska, Joanna"]
[Black "Hury, Tymoteusz"]
[Result "1/2-1/2"]
[WhiteElo "2334"]
[BlackElo "1700"]
[PlyCount "98"]
[EventDate "2023.07.10"]
[EventType "swiss (blitz)"]
[EventRounds "11"]
[EventCountry "POL"]
[SourceTitle "CBM 215 Extra"]
[Source "ChessBase"]
[SourceDate "2023.09.30"]
[SourceVersion "1"]
[SourceVersionDate "2023.09.30"]
[SourceQuality "1"]

1. e4 e5 2. Nf3 Nc6 3. d4 exd4 4. Nxd4 Nf6 5. Nxc6 bxc6 6. e5 Qe7 7. Qe2 Nd5 8. c4 Ba6 9. h4 f6 10. exf6 Qxe2+ 11. Bxe2 Bb4+ 12. Bd2 Bxd2+ 13. Kxd2 Nxf6 14. Nc3 0-0-0 15. Rhe1 d5 16. c5 Bxe2 17. Rxe2 Rhe8 18. Rae1 Kd7 19. Kd3 g6 20. Kd4 Rb8 21. Rxe8 Nxe8 22. Re2 Ng7 23. Ke5 Nh5 24. g4 Re8+ 25. Kd4 Rxe2 26. Nxe2 Nf6 27. f3 Ke7 28. Ke5 Nd7+ 29. Kd4 h6 30. Nf4 Kf6 31. Nh3 g5 32. hxg5+ hxg5 33. f4 gxf4 34. Nxf4 Ne5 35. g5+ Kf5 36. Nxd5 cxd5 37. Kxd5 Nd3 38. b3 Nc1 39. Kc6 Nxa2 40. Kxc7 Nc1 41. b4 Nd3 42. Kb7 Nxb4 43. Kxa7 Kxg5 44. Kb6 Kf5 45. Kb5 Nd5 46. c6 Ke6 47. Kc5 Nc7 48. Kb6 Kd6 49. Kb7 Nd5 1/2-1/2

[Event "Warsaw Maciei Memorial"]
[Site "Warsaw"]
[Date "2023.07.10"]
[Round "5"]
[White "Hury, Tymoteusz"]
[Black "Goslawski, Michal"]
[Result "0-1"]
[WhiteElo "1700"]
[BlackElo "2096"]
[PlyCount "114"]
[EventDate "2023.07.10"]
[EventType "swiss (blitz)"]
[EventRounds "11"]
[EventCountry "POL"]
[SourceTitle "CBM 215 Extra"]
[Source "ChessBase"]
[SourceDate "2023.09.30"]
[SourceVersion "1"]
[SourceVersionDate "2023.09.30"]
[SourceQuality "1"]

1. e4 c6 2. d4 d5 3. Nc3 dxe4 4. Nxe4 Nf6 5. Nxf6+ exf6 6. Bd3 Qxd4 7. Nf3 Qb6 8. 0-0 Be7 9. Re1 Be6 10. Be3 c5 11. c3 Qc7 12. Qc2 Nc6 13. a3 g6 14. b4 c4 15. Bf1 0-0 16. b5 Ne5 17. Nxe5 fxe5 18. a4 Rfe8 19. Kh1 Bf6 20. Qc1 b6 21. f3 Rad8 22. Be2 Bf5 23. Qb2 Bd3 24. Rad1 e4 25. fxe4 Rxe4 26. Bf3 Re7 27. Qf2 Bxc3 28. Rg1 Rde8 29. Bg5 Re6 30. Bg4 f5 31. Bf3 Bf6 32. Bc1 Be4 33. Bxe4 Rxe4 34. Rd2 Qe7 35. Rc2 Qe6 36. Qf1 Kg7 37. Bf4 h5 38. Bg3 h4 39. Bf2 Qd5 40. Qc1 h3 41. Rd1 hxg2+ 42. Kg1 Qe6 43. Rcd2 c3 44. Rd6 Qc4 45. Qc2 R8e7 46. Rd7 Qe6 47. R7d6 Qf7 48. Qc1 R4e6 49. R6d5 Rc7 50. Qf4 Ree7 51. Rd6 c2 52. Rc1 Be5 53. Qd2 Bxd6 54. Qxd6 Rcd7 55. Bd4+ Kh7 56. Qf4 Re4 57. Qf2 Rexd4 0-1

[Event "Lazy Baltic Pearl op-A 19th"]
[Site "Lazy"]
[Date "2023.06.26"]
[Round "1"]
[White "Hury, Tymoteusz"]
[Black "Makhynia, Kostiantyn"]
[Result "1/2-1/2"]
[WhiteElo "1733"]
[BlackElo "2015"]
[PlyCount "80"]
[EventDate "2023.06.26"]
[EventType "swiss"]
[EventRounds "9"]
[EventCountry "POL"]
[SourceTitle "CBM 215 Extra"]
[Source "ChessBase"]
[SourceDate "2023.09.30"]
[SourceVersion "1"]
[SourceVersionDate "2023.09.30"]
[SourceQuality "1"]

1. e4 c5 2. Nf3 Nc6 3. d4 cxd4 4. Nxd4 Nf6 5. Nc3 e5 6. Ndb5 d6 7. Bg5 a6 8. Na3 Be6 9. Bxf6 Qxf6 10. Nd5 Qd8 11. Nc4 b5 12. Nce3 Be7 13. c3 Bg5 14. g3 0-0 15. Bg2 Ne7 16. h4 Bh6 17. 0-0 Rb8 18. Qd3 Nxd5 19. Nxd5 Qd7 20. Rfd1 Rfd8 21. Qe2 a5 22. Rd3 Qa7 23. Rad1 g6 24. Kh2 Kh8 25. Bh3 f5 26. exf5 gxf5 27. Ne3 Bxe3 28. Qxe3 Qxe3 29. fxe3 Rb6 30. R3d2 Kg7 31. a3 b4 32. axb4 axb4 33. Rf1 bxc3 34. bxc3 Rc8 35. Bxf5 Bxf5 36. Rxf5 h6 37. Rdf2 Rc7 38. Rf6 Rbc6 39. h5 d5 40. R6f5 Re7 1/2-1/2

[Event "Polanica Zdroj op-B 58th"]
[Site "Polanica Zdroj"]
[Date "2022.08.19"]
[Round "7"]
[White "Hury, Tymoteusz"]
[Black "Jedrzejko, Martyna"]
[Result "1-0"]
[WhiteElo "1679"]
[BlackElo "1533"]
[PlyCount "57"]
[EventDate "2022.08.13"]
[EventType "swiss"]
[EventRounds "9"]
[EventCountry "POL"]
[SourceTitle "CBM 210 Extra"]
[Source "ChessBase"]
[SourceDate "2022.11.30"]
[SourceVersion "1"]
[SourceVersionDate "2022.11.30"]
[SourceQuality "1"]

1. e4 e6 2. Nf3 d5 3. Nc3 Nf6 4. e5 Nfd7 5. d4 c5 6. dxc5 Nc6 7. Bf4 Bxc5 8. Bd3 f6 9. exf6 Nxf6 10. Qe2 0-0 11. 0-0-0 Bd7 12. Kb1 a6 13. Ne5 Bd6 14. Nxc6 Bxc6 15. Qxe6+ Kh8 16. Qxd6 Qxd6 17. Bxd6 Rfe8 18. Rhe1 d4 19. Ne2 Bxg2 20. Bg3 Bf3 21. Rc1 Rad8 22. Ng1 Bc6 23. Rcd1 Kg8 24. Kc1 b5 25. Rxe8+ Rxe8 26. Kd2 Kf7 27. Re1 Rxe1 28. Kxe1 g6 29. Ne2 1-0